Countries By Territories - Statistics

General Stats
  • This quiz has been taken 32 times
  • The average score is 30 of 45
Answer Stats
Hint Answer % Correct
Greenland Denmark
89%
_____ Guiana France
89%
Martinique France
86%
Saint Pierre and Miquelon France
86%
Isle of Man United Kingdom
86%
Saint Martin France
82%
Reunion France
82%
Jersey United Kingdom
82%
Guernsey United Kingdom
82%
Cayman Islands United Kingdom
82%
Guam United States
82%
Guadeloupe France
79%
Mayotte France
79%
Saint Barthelemy France
79%
Sint Maarten Netherlands
79%
Gibraltar United Kingdom
79%
Falkland Islands United Kingdom
79%
______ Polynesia France
75%
South Georgia and South Sandwich Islands United Kingdom
75%
North Mariana Islands United States
75%
________ Samoa United States
75%
New Caledonia France
71%
Aruba Netherlands
71%
Turks and Caicos Islands United Kingdom
71%
Western Sahara Morocco
68%
Ceuta and Melilla Spain
68%
Ascension Island United Kingdom
68%
Pitcairn Islands United Kingdom
68%
Wallis and Futuna France
64%
Anguilla United Kingdom
64%
Niue New Zealand
61%
Svalbard and Jan Mayen Norway
61%
Tristan da Cunha United Kingdom
61%
Christmas Island Australia
57%
Tokelau New Zealand
54%
Cocos (Keeling) Islands Australia
50%
______ Southern and Antarctic Lands France
50%
Aland Islands Finland
46%
Cook Islands New Zealand
46%
Bouvet Island Norway
46%
Clipperton Island France
43%
Diego Garcia United Kingdom
39%
____ Outlying Islands United States
39%
Heard Island and McDonald Islands Australia
36%
Norfolk Island Australia
25%
No matching quizzes found
Score Distribution
Percent of People with Each Score
Percentile by Number Answered
Your Score History
You have not taken this quiz